| 000 | 00746nam a2200265Ia 4500 | ||
|---|---|---|---|
| 008 | 160303s9999 xx 000 0 und d | ||
| 020 | _a971-513-161-1 | ||
| 050 | _aFIL KPM 1079 | ||
| 050 | _b.A3R63 2001 c.2 | ||
| 100 | _aRobles, Gonzalo S. | ||
| 245 | _aPhilippine nursing law, jurisprudence and ethics / | ||
| 245 | _cGonzalo S. Robles, Anesia B. Dionisio. | ||
| 250 | _a13th Edition | ||
| 260 | _aManila : | ||
| 260 | _bEducational Pub. House, | ||
| 260 | _c2001 | ||
| 300 | _a695 pages : | ||
| 300 | _billustrations ; | ||
| 300 | _c23 cm. | ||
| 500 | _aIncludes index. | ||
| 650 | _aMedical laws and legislation -- | ||
| 650 | _aNursing -- | ||
| 650 | _x Law and legislation -- Philippines. | ||
| 650 | _xPhilippines. | ||
| 999 |
_c291453 _d291453 |
||